[Event "7MCRV_F"]
[Site "?"]
[Date "2007.??.??"]
[Round "?"]
[White "Valak, Alois"]
[Black "Kostal, Jindrich"]
[Result "1-0"]
[WhiteElo "2361"]
[BlackElo "2338"]
[PlyCount "111"]
[EventDate "2007.??.??"]
[EventType "corr"]
[SourceDate "2007.09.24"]

1. c4 Nf6 2. d4 g6 3. Nc3 d5 4. cxd5 Nxd5 5. e4 Nxc3 6. bxc3 Bg7 7. Nf3 c5 8.
Rb1 O-O 9. Be2 Qa5 10. Qd2 a6 11. O-O Nc6 12. Qb2 b5 13. Bd2 Bg4 14. d5 Ne5 15.
Nxe5 Bxe2 16. Nc6 Qa4 17. Rfe1 Qxe4 18. Be3 Bd3 19. Rbd1 c4 20. Bh6 Qh4 21.
Nxe7+ Kh8 22. Bxg7+ Kxg7 23. Re5 Rad8 24. Rde1 Qf6 25. Nc6 Rxd5 26. Rxd5 Qxc6
27. Rd4 h6 28. h4 Qf6 29. Qb4 Rc8 30. a3 Bf5 31. Re3 h5 32. Qe7 Qxe7 33. Rxe7
Rc6 34. f3 Kf6 35. Ra7 Be6 36. Kf2 Ke5 37. Ke3 Bd5 38. Rd7 Be6 39. R7d6 Rxd6
40. f4+ Kf5 41. Rxd6 Bc8 42. g3 Kg4 43. Kf2 Kf5 44. Rc6 Bb7 45. Rc7 Bd5 46. Ra7
Ke4 47. Rxa6 Be6 48. Rd6 Bd5 49. Rd7 Be6 50. Rd4+ Kf5 51. Kf3 f6 52. Rd6 Bf7
53. Ke3 g5 54. fxg5 fxg5 55. Rd7 Be6 56. Rg7 1-0

[Event "7MCRV_F"]
[Site "?"]
[Date "2007.??.??"]
[Round "?"]
[White "Valak, Alois"]
[Black "Kuchta, Jiri"]
[Result "1-0"]
[WhiteElo "2361"]
[BlackElo "2244"]
[PlyCount "67"]
[EventDate "2007.??.??"]
[EventType "corr"]
[SourceDate "2007.09.24"]

1. c4 Nf6 2. d4 e6 3. Nc3 d5 4. Bg5 c6 5. e3 Bd6 6. Nf3 O-O 7. Bd3 dxc4 8. Bxc4
Nbd7 9. O-O Qc7 10. Rc1 a6 11. Bd3 h6 12. Bh4 Re8 13. Bb1 Kf8 14. a4 Kg8 15. e4
e5 16. dxe5 Nxe5 17. Bxf6 gxf6 18. Nxe5 fxe5 19. Qh5 Kg7 20. Rfd1 Qe7 21. Rd3
Rf8 22. Rcd1 Bc5 23. b4 Ba7 24. Rg3+ Kh7 25. Rdd3 Bd7 26. Rdf3 Rac8 27. Ba2 Be6
28. Bxe6 Qxe6 29. Qh4 Qd6 30. Rf6 Qd2 31. h3 Rce8 32. Nd1 Qf4 33. Rg4 Re6 34.
Rgxf4 1-0

[Event "7MCRV_F"]
[Site "?"]
[Date "2007.??.??"]
[Round "?"]
[White "Valak, Alois"]
[Black "Nejtek, Jiri"]
[Result "1/2-1/2"]
[WhiteElo "2361"]
[BlackElo "2375"]
[PlyCount "48"]
[EventDate "2007.??.??"]
[EventType "corr"]
[SourceDate "2007.09.24"]

1. Nf3 Nf6 2. d4 d5 3. c4 c6 4. Nc3 e6 5. e3 Nbd7 6. Qc2 Bd6 7. Bd3 O-O 8. O-O
dxc4 9. Bxc4 a6 10. Bd3 c5 11. Bd2 h6 12. Rac1 cxd4 13. exd4 b6 14. Ne4 Nxe4
15. Bxe4 Ra7 16. Qb3 Nf6 17. Bc6 Bb7 18. Ne5 Nd5 19. a3 Bxe5 20. dxe5 Bxc6 21.
Rxc6 Rc7 22. Rc4 Rxc4 23. Qxc4 b5 24. Qe2 Qb8 1/2-1/2

[Event "7MCRV_F"]
[Site "?"]
[Date "2007.??.??"]
[Round "?"]
[White "Valak, Alois"]
[Black "Novak, Vratislav"]
[Result "1/2-1/2"]
[WhiteElo "2361"]
[BlackElo "2288"]
[PlyCount "54"]
[EventDate "2007.??.??"]
[EventType "corr"]
[SourceDate "2007.09.24"]

1. c4 Nf6 2. d4 e6 3. Nf3 b6 4. a3 Bb7 5. Nc3 d5 6. cxd5 Nxd5 7. Qc2 Nxc3 8.
bxc3 Be7 9. e4 O-O 10. Bd3 c5 11. O-O Qc7 12. Ra2 Nc6 13. d5 c4 14. Bxc4 Na5
15. Bd3 Rac8 16. dxe6 fxe6 17. Qe2 Nb3 18. Be3 Nc5 19. Bc4 Rf6 20. Nd4 Bxe4 21.
Rd2 a6 22. Qg4 Kh8 23. Nxe6 Nxe6 24. Bxe6 Bxg2 25. Rd7 Bf3 26. Rxc7 Rxc7 27.
Qg3 Rg6 1/2-1/2

[Event "7MCRV_F"]
[Site "?"]
[Date "2007.??.??"]
[Round "?"]
[White "Valak, Alois"]
[Black "Strnad, Jiri"]
[Result "1-0"]
[WhiteElo "2361"]
[BlackElo "2258"]
[PlyCount "99"]
[EventDate "2007.??.??"]
[EventType "corr"]
[SourceDate "2007.09.24"]

1. c4 Nf6 2. Nf3 c5 3. Nc3 e6 4. g3 b6 5. Bg2 Bb7 6. O-O Be7 7. d4 cxd4 8. Qxd4
d6 9. Bg5 a6 10. Bxf6 Bxf6 11. Qf4 g5 12. Qe3 Nd7 13. Rad1 Be7 14. Ne4 Bxe4 15.
Qxe4 Rc8 16. b3 Nc5 17. Qe3 O-O 18. Nd4 Bf6 19. h4 gxh4 20. Nc6 Qc7 21. Qh6 Bg7
22. Qxh4 Rfe8 23. Rd2 f5 24. Rfd1 Bf8 25. Bf3 Qd7 26. Nd4 Kh8 27. Qh5 Ne4 28.
Bxe4 fxe4 29. Nc2 Rc5 30. Qh1 Qb7 31. Ne3 b5 32. Rd4 bxc4 33. bxc4 Qb2 34. Kf1
Qxa2 35. Rxe4 Qa4 36. Rh4 Qd7 37. Rdd4 Rb8 38. Qh3 Rb7 39. Rxh7+ Qxh7 40. Rh4
Re5 41. Rxh7+ Rxh7 42. Qg4 Rg7 43. Qf4 Be7 44. c5 Rxc5 45. Qh6+ Rh7 46. Qxe6
Re5 47. Qc8+ Kg7 48. Nf5+ Kf7 49. f4 Rc5 50. Qd7 1-0